Top Goalscorers for European Clubs in a season - Statistics

General Stats
  • This quiz has been taken 69 times
  • The average score is 13 of 36
Answer Stats
Answer % Correct
Lionel Messi
100%
Cristiano Ronaldo
96%
Zlatan Ibrahimović
88%
Edin Džeko
76%
Gerd Müller
73%
Gonzalo Higuaín
73%
Pierre-Emerick Aubameyang
67%
Ian Rush
65%
Alexandre Lacazette
63%
Antonio Di Natale
57%
Klaas-Jan Huntelaar
57%
Eusébio
51%
Samuel Eto'o
49%
Andy Cole
47%
Luis Suárez
47%
Denis Law
45%
Gabriel Batistuta
43%
Hernán Crespo
31%
Stefan Kießling
29%
Jimmy Greaves
24%
Dixie Dean
22%
Mário Jardel
22%
Gunnar Nordahl
20%
Luís Fabiano
18%
Telmo Zarra
14%
Josip Skoblar
10%
Mario Kempes
10%
Clive Allen
8%
Delio Onnis
8%
Jimmy McGrory
6%
Tommy Johnson
6%
Baltazar
4%
Jim Forrest
4%
Ted Drake
4%
Coen Dillen
2%
Ferenc Hirzer
2%
No matching quizzes found
Score Distribution
Percent of People with Each Score
Percentile by Number Answered
Your Score History
You have not taken this quiz